Cómo enseñar y qué evitar en los estudios sociales

-д хадгалсан:
Номзүйн дэлгэрэнгүй
Үндсэн зохиолч: Schain, Robert L (Зохиогч)
Формат: Ном
Хэл сонгох:испани
Хэвлэсэн: Ciudad de México UTEHA 1968
Цуврал:Manual UTEHA Breve, Sección 17, 398
Нөхцлүүд:
Шошгууд: Шошго нэмэх
Шошго байхгүй, Энэхүү баримтыг шошголох эхний хүн болох!

MARC

LEADER 00000nam a2200000 a 4500
001 UCU0059
003 CL-VaPUC
008 960315e19680000MX |||||||||||||||||spa|d
082 0 4 |a 372.832  |b SCH  |2 21 
100 0 |a Schain, Robert L  |e author  |9 355020 
245 1 0 |a Cómo enseñar y qué evitar en los estudios sociales 
300 |a 98 p 
942 |c BK 
945 |d 19960315 00:00:00  |a cmena 
260 |a Ciudad de México  |b UTEHA  |c 1968 
650 0 |a Educación cívica  |9 314665 
650 0 |a Métodos de enseñanza  |9 270413 
650 0 |a Planificación de la educación   |9 307333 
650 0 |a Planificación del currículo  |9 269599 
650 0 |a Rol del docente  |9 329733 
583 |a last modification  |c 20130306 02:16:56  |k Rodrigo Vera 
490 0 |a Manual UTEHA Breve, Sección 17, 398 
999 |c 245008  |d 245006 
952 |0 0  |1 0  |4 0  |6 372_832000000000000_SCH_1968  |7 0  |8 P  |9 259334  |a BIBEDU  |b BIBEDU  |c BIBEDU_PB  |d 2019-11-19  |i 1633198  |o 372.832 SCH 1968  |p 1633198  |r 2024-01-25  |w 2019-11-19  |y BK  |k EDU 
952 |0 0  |1 0  |4 0  |6 372_832000000000000_SCH_1968  |7 0  |8 X  |9 259335  |a FDOBUD  |b FDOBUD  |d 2019-11-19  |i 4558278  |o 372.832 SCH 1968  |p 4558278  |r 2019-11-19  |w 2019-11-19  |y BK_X  |k BUD